000 00334nam a22001337a 4500
008 171030b xxu||||| |||| 00| 0 eng d
020 _a9781256310464
041 _aeng
080 _a33
100 _a58
101 _aBUS
245 _aINTRODUCTION TO UNDERSTANDING AND ASSESSING THE BUSINESS ENVIRONMENT
_cLAURIER
942 _2udc
_cBK
999 _c36591
_d36591